Catholic University of Zimbabwe Library
Online Public Access Catalogue
(OPAC)

Studies in law, politics, and society. (Record no. 32012)

MARC details
000 -LEADER
fixed length control field 02767cam a2200493La 4500
001 - CONTROL NUMBER
control field ocn648175628
003 - CONTROL NUMBER IDENTIFIER
control field OCoLC
005 - DATE AND TIME OF LATEST TRANSACTION
control field 20210303085416.0
006 - FIXED-LENGTH DATA ELEMENTS--ADDITIONAL MATERIAL CHARACTERISTICS
fixed length control field m u
007 - PHYSICAL DESCRIPTION FIXED FIELD--GENERAL INFORMATION
fixed length control field cr cn|||||||||
008 - FIXED-LENGTH DATA ELEMENTS--GENERAL INFORMATION
fixed length control field 050909s2003 ne a ob 000 0 eng d
020 ## - INTERNATIONAL STANDARD BOOK NUMBER
Canceled/invalid ISBN 9780762312450
020 ## - INTERNATIONAL STANDARD BOOK NUMBER
Canceled/invalid ISBN 0762312459
020 ## - INTERNATIONAL STANDARD BOOK NUMBER
International Standard Book Number 9781849502092 (electronic bk.) :
Terms of availability £64.95 ; € 94.95 ; $114.95
020 ## - INTERNATIONAL STANDARD BOOK NUMBER
International Standard Book Number 1849502099 (electronic bk.) :
Terms of availability £64.95 ; € 94.95 ; $114.95
020 ## - INTERNATIONAL STANDARD BOOK NUMBER
Canceled/invalid ISBN 9780762310159 (hbk.)
020 ## - INTERNATIONAL STANDARD BOOK NUMBER
Canceled/invalid ISBN 0762310154 (hbk.)
040 ## - CATALOGING SOURCE
Original cataloging agency E7B
Transcribing agency E7B
Modifying agency ZJC
050 14 - LIBRARY OF CONGRESS CALL NUMBER
Classification number K18
Item number .E837 v. 28
072 #7 - SUBJECT CATEGORY CODE
Subject category code LAQ
Source bicssc
072 #7 - SUBJECT CATEGORY CODE
Subject category code LAW000000
Source bisacsh
080 ## - UNIVERSAL DECIMAL CLASSIFICATION NUMBER
Universal Decimal Classification number 340
082 04 - DEWEY DECIMAL CLASSIFICATION NUMBER
Classification number 340/.115
Edition number 22
245 00 - TITLE STATEMENT
Title Studies in law, politics, and society.
Number of part/section of a work Vol. 28
Medium [electronic resource] /
Statement of responsibility, etc. edited by Austin Sarat ; Patricia Ewick.
260 ## - PUBLICATION, DISTRIBUTION, ETC.
Place of publication, distribution, etc. Amsterdam :
Name of publisher, distributor, etc. Elsevier JAI,
Date of publication, distribution, etc. c2003.
300 ## - PHYSICAL DESCRIPTION
Extent 1 online resource (x, 188 p.) :
Other physical details ill.
504 ## - BIBLIOGRAPHY, ETC. NOTE
Bibliography, etc. note Includes bibliographical references.
505 0# - FORMATTED CONTENTS NOTE
Formatted contents note Issues in constitutional interpretation. Revisiting constitutional interpretation : a comparative perspective on the American debates / Matthew J. Moore -- Minority representation, the Supreme Court, and the politics of democracy / Yasmin A. Dawood. "Missing persons". Accounting for absent bodies : the politics and jurisprudence of the Missing Persons Act / Thomas M. Hawley -- Surviving law : death community culture / Patrick Hanafin -- Extraterritorial criminal jurisdiction : replacing "objective territoriality" with "defensive territoriality" / Ellen S. Podgor. The challenges of (and to) rights. "Subjectivity is a citizen" : representation, recognition, and the deconstruction of civil rights / Jonathan Goldberg-Hiller.
520 ## - SUMMARY, ETC.
Summary, etc. Description: This volume presents articles by an interdisciplinary and international group of scholars spanning the social sciences, humanities, and law. It offers new perspectives on political relationships, politics, legal reform, law and the family, race relations and gender issues.
588 ## - SOURCE OF DESCRIPTION NOTE
Source of description note Description based on print version record.
650 #0 - SUBJECT ADDED ENTRY--TOPICAL TERM
Topical term or geographic name entry element Punishment
General subdivision Philosophy.
650 #0 - SUBJECT ADDED ENTRY--TOPICAL TERM
Topical term or geographic name entry element Criminal law
General subdivision Philosophy.
650 #0 - SUBJECT ADDED ENTRY--TOPICAL TERM
Topical term or geographic name entry element Criminals
General subdivision Public opinion.
650 #0 - SUBJECT ADDED ENTRY--TOPICAL TERM
Topical term or geographic name entry element Imprisonment
General subdivision Social aspects.
650 #0 - SUBJECT ADDED ENTRY--TOPICAL TERM
Topical term or geographic name entry element Imprisonment
General subdivision Moral and ethical aspects.
650 #0 - SUBJECT ADDED ENTRY--TOPICAL TERM
Topical term or geographic name entry element Criminals
General subdivision Rehabilitation.
650 #7 - SUBJECT ADDED ENTRY--TOPICAL TERM
Topical term or geographic name entry element Law & society.
Source of heading or term bicssc
650 #7 - SUBJECT ADDED ENTRY--TOPICAL TERM
Topical term or geographic name entry element Law
General subdivision General.
Source of heading or term bisacsh
700 1# - ADDED ENTRY--PERSONAL NAME
Personal name Sarat, Austin.
700 1# - ADDED ENTRY--PERSONAL NAME
Personal name Ewick, Patricia.
776 08 - ADDITIONAL PHYSICAL FORM ENTRY
Relationship information Print version:
Title Studies in law, politics and society. Vol. 28.
Place, publisher, and date of publication Amsterdam ; London : JAI, 2003
International Standard Book Number 0762310154
Record control number (OCoLC)51482584
856 40 - ELECTRONIC LOCATION AND ACCESS
Uniform Resource Identifier <a href="https://www.emerald.com/insight/publication/doi/10.1016/S1059-4337(2003)28">https://www.emerald.com/insight/publication/doi/10.1016/S1059-4337(2003)28</a>
913 ## -
-- SSbacklist
Holdings
Withdrawn status Lost status Source of classification or shelving scheme Damaged status Not for loan Home library Current library Shelving location Date acquired Total Checkouts Full call number Date last seen Uniform Resource Identifier Price effective from Koha item type
          Digital Library Digital Library Online Access 03.03.2021   K18 .E837 v. 28 03.03.2021 https://www.emerald.com/insight/publication/doi/10.1016/S1059-4337(2003)28 03.03.2021 eBook

OPENING HOURS

Weekdays: 0815hrs - 1800hrs
Weekends:0900hrs - 1200hrs

Closed for Mass:

Mon, Thur: 1200hrs - 1300hrs
Sunday & Public Holiday’s

CALL SUPPORT

0242-570570, 0242-570169
09200664, +263 8644140602

LOCATION

18443, Cranborne Avenue, Hatfield, Harare

Other Links


©2021 | CUZ Library